Asset pricing for general processes.

Prezentácia niektorých výsledkov ocenenia kapitálu vo všeobecnom prípade, v ktorom sa cena kapitálu môže skokovo meniť. Prémia za lokálne riziko, kovariancie a štátne ceny. Záver a dôsledky.

Enregistré dans:
Détails bibliographiques
Auteur principal: Back, K.
Format: Chapitre de livre
Langue:anglais
Sujets:
Tags: Ajouter un tag
Pas de tags, Soyez le premier à ajouter un tag!

MARC

LEADER 00000naa a2200000 4500
001 r006903
005 20221130103446.5
041 0 |a eng 
044 |a NL 
245 1 0 |a Asset pricing for general processes.  |c K. Back 
520 |a Prezentácia niektorých výsledkov ocenenia kapitálu vo všeobecnom prípade, v ktorom sa cena kapitálu môže skokovo meniť. Prémia za lokálne riziko, kovariancie a štátne ceny. Záver a dôsledky. 
610 2 0 |a oceňovanie ekonomické 
610 2 0 |a kapitál 
610 2 0 |a riziko 
610 2 0 |a metódy ekonomicko-matematické 
100 1 |a Back, K.